Welche Flaggen beinhalten Rot und Grün? - Sudden Death - Statistiken

Allgemein
  • Dieses Quiz wurde 31 mal gespielt
  • Das Durchschnittsergebnis liegt bei 9 aus 16
Answers on the Grid
Answers color-coded by a green-red scale on the quiz's grid according to % correct below.
 
Antwortstatistiken
Antwort % Korrekt
76%
76%
76%
68%
64%
60%
56%
56%
56%
52%
52%
48%
40%
32%
28%
20%
Keine übereinstimmenden Quizze gefunden
Verteilung der Resultate
Anzahl Personen mit jedem Resultat
Perzentil nach korrekt beantworteten Fragen
Ihre Resultats-Entwicklung
Sie haben dieses Quiz noch nicht gespielt